Sharp decline in orders forces tenders even lower (Record no. 109296)
[ view plain ]
| 000 -LEADER | |
|---|---|
| fixed length control field | 01130cad a22002055a 4500 |
| 001 - CONTROL NUMBER | |
| control field | L146800 |
| 008 - FIXED-LENGTH DATA ELEMENTS--GENERAL INFORMATION | |
| fixed length control field | 090302e20090210xxk f 000 0 eng d |
| 035 ## - SYSTEM CONTROL NUMBER | |
| System control number | (Sirsi) u146800 |
| 041 0# - LANGUAGE CODE | |
| Language code of text/sound track or separate title | eng |
| 110 2# - MAIN ENTRY--CORPORATE NAME | |
| Corporate name or jurisdiction name as entry element | Building Cost Information Service |
| 9 (RLIN) | 1096 |
| 245 00 - TITLE STATEMENT | |
| Title | Sharp decline in orders forces tenders even lower |
| Medium | [electronic resource] |
| 260 ## - PUBLICATION, DISTRIBUTION, ETC. | |
| Date of publication, distribution, etc. | 2009 |
| 490 #0 - SERIES STATEMENT | |
| Series statement | BCIS Press Release |
| Volume/sequential designation | 10 February 2009 |
| 520 ## - SUMMARY, ETC. | |
| Summary, etc. | Reports on BCIS' Tender Price Index for the third quarter 2008. Reveals that contractors are still reducing their tender prices as a result of sharp decline in amount of new orders and very low demand in construction work. Suggests that prices of new construction fell by 0.8% and new orders decreased by 10% in the third quarter 2008 compared with previous quarter. On the opposite, costs rose by 7.2% and wages increased by 4. 6% in the year leading to the third quarter 2008. Forecasts a fall of about 10% in tender prices over 2009 and 2010. |
| 590 ## - LOCAL NOTE (RLIN) | |
| Local note | KA |
| 650 24 - SUBJECT ADDED ENTRY--TOPICAL TERM | |
| Topical term or geographic name entry element | BCIS ALL-IN TENDER PRICE INDEX |
| 651 #4 - SUBJECT ADDED ENTRY--GEOGRAPHIC NAME | |
| Geographic name | United Kingdom |
| Chronological subdivision | |
| 690 ## - LOCAL SUBJECT ADDED ENTRY--TOPICAL TERM (OCLC, RLIN) | |
| Topical term or geographic name as entry element | BUILT ENVIRONMENT-BUILDING COSTS |
| 942 ## - ADDED ENTRY ELEMENTS (KOHA) | |
| Suppress in OPAC | 0 |
| Withdrawn status | Lost status | Source of classification or shelving scheme | Damaged status | Not for loan | Home library | Current library | Shelving location | Date acquired | Total Checkouts | Full call number | Barcode | Date last seen | Copy number | Price effective from | Koha item type |
|---|---|---|---|---|---|---|---|---|---|---|---|---|---|---|---|
| Dewey Decimal Classification | Virtual | Virtual | Online | 02/03/2009 | ONLINE PUBLICATION | 146800-2001 | 06/08/2019 | 1 | 06/08/2019 | Online material |